000 00644nam a2200241Ia 4500
003 OSt
005 20221005101822.0
006 a|||||r|||| 00| 0
007 ta
008 221004b |||||||| |||| 00| 0 eng d
024 _a47556
037 _cTextual
040 _aCRL
_cCRL
_beng
041 _2eng
_aeng
082 _aT1.63, M3
100 _aDean Elizabeth
_949234
245 0 _aHistory in black and white
_b An analysis of south African school history textbooks
260 _aUnesco
_c1983
300 _a137p
_ccm.
650 _aEDUCATION
942 _hT1.63, M3
_cTEXL
_2cc
999 _c1007448
_d1007448